Statistiques concernant Pays d'Amérique du Nord par ordre alphabétique avec une carte

Cliquez ici pour prendre le quiz!

Statistiques générales

  • Ce quiz a été pris 225 fois
  • Le résultat moyen est 21 sur 23

Réponses sur la Carte

Les réponses sont colorées sur une échelle allant du rouge au vert en fonction du pourcentage des utilisateurs qui les ont devinées à leur premier essai. Vous pouvez retrouver ces pourcentages ci-dessous.
 

Statistiques - réponses

Pays% Correct
Antigua-et-Barbuda
97%
Bahamas
96%
Canada
96%
Barbade
94%
Belize
93%
Costa Rica
93%
Cuba
92%
Mexique
92%
Etats-Unis
91%
Haïti
91%
Honduras
91%
Nicaragua
91%
Dominique
90%
Jamaïque
90%
Panama
90%
Guatemala
89%
République dominicaine
87%
Salvador
86%
Sainte-Lucie
84%
Grenade
83%
Saint-Christophe- et-Niévès
83%
Saint-Vincent-et-les-Grenadines
83%
Trinité-et-Tobago
79%

Distribution des résultats

Percentile par nombre de réponses

% des personnes avec chaque résultat

Votre développement - résultats

Vous n’avez pas pris ce quiz